| 000 | 00850nam a2200265Ia 4500 | ||
|---|---|---|---|
| 001 | 21845 | ||
| 005 | 20260320113318.0 | ||
| 008 | 260320s9999||||xx |||||||||||||| ||und|| | ||
| 020 | _a9786123226299 | ||
| 041 | _aESP | ||
| 082 |
_a346.4 _bP27 |
||
| 100 |
_aPasco Arauco, Alan, _eAUT |
||
| 245 | 0 |
_aLos derechos reales en los plenos casatorios civiles : _banálisis y comentarios |
|
| 246 |
_a _5 _b |
||
| 250 | _aPrimera edición | ||
| 260 |
_aLima : _bInstituto Pacífico, _c2025 |
||
| 300 |
_a543 páginas : _bcuadros ; _c25 cm. _e |
||
| 440 |
_a _n _v |
||
| 650 | _aCIS | ||
| 653 | _aDerecho; Derecho civil; Derechos reales | ||
| 654 | _aDER | ||
| 700 |
_a _c |
||
| 856 |
_uhttps://itmsp.museknowledge.com/UCSP?groupID=2&action=source&sourceID=TirantPalestra_IP _zVéase además: Base de datos Tirant Palestra |
||
| 942 |
_cLIB _dJUS _fTRC _2ddc _n |
||
| 999 |
_c21845 _d21845 |
||